Numerická analýza napäťovo-deformačných polí pri mechanickom zaťažení supravodivej pásky

Saved in:
Bibliographic Details
Main Author: Klimentová, Martina (Author)
Other Authors: Behúlová, Mária (Thesis advisor)
Format: Manuscript Book
Language:Slovak
Published: 2017
Subjects:
Online Access:http://is.stuba.sk/zp/portal_zp.pl?podrobnosti=126265
Tags: Add Tag
No Tags, Be the first to tag this record!

MARC

LEADER 00000ntm a22000003a 4500
001 stuzp62436
003 SK-STU
005 20170610210537.0
007 ta
008 150427s2015----xo-----f-mn---000-0-slo-d
040 |a STU  |b slo 
041 0 |a slo 
100 1 |a Klimentová, Martina  |u 061000  |k Z4  |4 aut  |U MTF Materiálovotechnologická fakulta  |T MTF Ústav materiálov  |X 70039  |U M1000  |Y 81  |7 70039 
242 0 1 |a Numerical analysis of stress-strain fields during a mechanical loading of a superconducting tape  |y eng 
245 1 0 |a Numerická analýza napäťovo-deformačných polí pri mechanickom zaťažení supravodivej pásky 
260 |c 2017 
650 4 |a supravodivosť  |2 slo 
650 4 |a supravodivé pásky  |2 slo 
650 4 |a mechanické namáhanie  |2 slo 
650 4 |a numerická analýza  |2 slo 
650 4 |a napäťovo - deformačný stav  |2 slo 
650 4 |a superconductivity  |2 eng 
650 4 |a superconducting tapes  |2 eng 
650 4 |a mechanical loading  |2 eng 
650 4 |a numerical analysis  |2 eng 
650 4 |a stress - strain state  |2 eng 
700 1 |a Behúlová, Mária  |u 066000  |k Z1  |4 ths  |U MTF Materiálovotechnologická fakulta  |T MTF Ústav aplikovanej informatiky, automatizácie a mechatroniky  |X 200  |U M6000  |Y 86  |7 A000000200 
856 4 |u http://is.stuba.sk/zp/portal_zp.pl?podrobnosti=126265 
996 |c M* DP-13423  |l MMSKP  |s P  |a 0  |w stuzp62436_0001